000 00474nam a2200169Ia 4500
003 OSt
005 20210831140703.0
008 190216s9999||||xx |||||||||||||| ||und||
040 _coclc
082 _a297
_bALM/J
100 _aAl Mahmud, Abdullah Ibin Zaid
_98730
245 0 _aAl Jundiyath /
_cAbdullah Ibin Zaid Al Mahmud
260 _bBuklab Mathuifadin,
_aBeirut:
300 _a44p
650 _aArabic
942 _cBK
_2ddc
_h297
_iALM/J
_k297
_mALM/J
999 _c369
_d369